| 000 | 00839nam a22002897a 4500 | ||
|---|---|---|---|
| 001 | BR7604464 | ||
| 003 | BR-BrBNA | ||
| 005 | 20230928085110.0 | ||
| 007 | ta | ||
| 008 | 230509b bl.||||| |||| 00| 0 por d | ||
| 040 |
_aBR-BrBNA _bpor _cBiblioteca Nacional de Agricultura |
||
| 041 | _a(Eng) | ||
| 072 |
_aE70 _b2110 _b/G514 |
||
| 090 | _ 2110 BR7604464 | ||
| 100 | 1 | _aBartley, B. | |
| 100 | 1 | _aAlvim, P. de T. | |
| 110 | 1 |
_aCentro de Pesquisas do Cacau, Ilheus, BA (Brasil) _91631 |
|
| 245 | 1 | _aBrazil's Program for the Expansion of Cacao Production and Utilization | |
| 260 | 3 |
_aIlheus, BA (Brasil): _c1976. |
|
| 300 | _a9 p. | ||
| 500 | _aReprint of "the Manufacturing Confectioner", Jun 1976 | ||
| 650 | _aCACAU | ||
| 650 | _aRENDIMENTO | ||
| 650 | _aEXPORTACAO | ||
| 909 |
_a202309 _bLucia _c55 _dLucia Elande |
||
| 942 | _cBK | ||
| 999 |
_c22781 _d22781 |
||